Staatsorgan nach Gebäude - Bildquiz - Statistiken

Allgemein
  • Dieses Quiz wurde 51 mal gespielt
  • Das Durchschnittsergebnis liegt bei 4 aus 15
Antwortstatistiken
Bildquiz Antwort % Korrekt
Deutscher Bundeskanzler
70%
Britischer Premierminister
61%
Österreichischer Bundespräsident
39%
Der Papst
37%
Bundesverfassungsgericht
28%
Britisches Unterhaus/Oberhaus
26%
Europäisches Parlament
17%
Landtag von Mecklenburg-Vorpommern
17%
Supreme Court/Oberster Gerichtshof der USA
17%
Deutscher Bundesrat
13%
Europäische Kommission
13%
Schweizer Bundesrat/Nationalrat/Ständerat
13%
Französischer Präsident
11%
Landtag von Bayern
11%
Brasilianischer Nationalkongress
9%
Keine übereinstimmenden Quizze gefunden
Verteilung der Resultate
Anzahl Personen mit jedem Resultat
Perzentil nach korrekt beantworteten Fragen
Ihre Resultats-Entwicklung
Sie haben dieses Quiz noch nicht gespielt